000 00485nam a22001457a 4500
020 _a9780415703246
040 _cNUST
082 _a658.421
_bHAY
100 _aHayton, James
_9123182
110 _aSalvato, Carlo Manimala, Mathew J.
_9123183
245 _aGlobal Entrepreneurship :
_bCase Studies of Entrepreneurial Firms Operating Around the World
260 _aNew York:
_bRoutledge,
_c2015.
650 _aBUSINESS & ECONOMICS Industrial Management
_9123184
942 _2ddc
_cBK
999 _c609461
_d609461